Atatürk ihtilali / (Record no. 13349)

MARC details
000 -BAŞLIK
Sabit Uzunlukta Kontrol Alanı 00612na a2200217 4500
999 ## - SİSTEM KONTROL NUMARALARI (KOHA)
Koha Biblionumber 13349
Koha Biblioitemnumber 13349
001 - KONTROL NUMARASI
Denetim Alanı 14806
003 - KONTROL NUMARASI IDENTIFIER
Denetim Alanı MIRAKIL
005 - SON İŞLEM TARİHİ VE ZAMANI
Denetim Alanı 20190628142836.0
008 - SABİT-BOY VERİ ELEMANLARI - GENEL BİLGİLER
Sabit Uzunlukta Kontrol Alanı 160901b tu 000 0
020 ## - ULUSLARARASI STANDART KİTAP NUMARASI
Uluslararası Standart Kitap Numarası 9753430957
035 ## - SİSTEM KONTROL NUMARASI
Sistem Kontrol Numarası 14806
040 ## - KATALOGLAMA KAYNAK
Orijinal Kataloglama Ajansı TR-AnCHP
Kataloglama Dili tur
Metne Dönüştürmek Ajansı TR-AnCHP
082 ## - DEWEY ONLU SINIFLANDIRMA NUMARASI
Sınıflandırma Numarası 956.1024
Ürün Numarası B69a 1995
100 ## - ANA GİRİŞ - KİŞİSEL İSİM
Kişisel Ad Bozkurt, Mahmut Esat
245 ## - BAŞLIK TABLOSU
Başlık Atatürk ihtilali /
Sorumluluk Tablosu, Vb Mahmut Esat Bozkurt.
260 ## - YAYIN, DAĞITIM, VB
Yayın, Dağıtım, Vb Yeri İstanbul :
Yayıncı, Dağıtıcı, Vs Adı Kaynak yayınları,
Yayın, Dağıtım, Vb Tarihi 1995.
300 ## - FİZİKSEL TANIM
Kapsam 288 s.
Boyutlar 19 sm.
600 ## - KONU KATMA GİRİŞ - KURUMSAL ADI
Kişisel Ad Atatürk, Mustafa Kemal
Bir Adıyla İlişkilendirilen Tarihler 1881-1938
Genel Alt Bölümü Atatürk devrimleri
650 ## - KONU KATMA GİRİŞ - TOPİKAL DÖNEM
Topikal Süreli Veya Coğrafi Ad Giriş Elemanı Atatürkçülük
942 ## - EKLENDİ GİRİŞ ELEMANLARI (KOHA)
Sınıflandırma Veya Raf Düzeni Kaynak Dewey Decimal Classification
Koha Öğesi Türü Books
Holdings
Kalıcı Konum Mevcut Konum Edinme Tarihi Toplam Check-Out'Lar Tam Çağrı Numarası Barkod Tarih Son Görülme İtibaren Geçerli Fiyatlar Koha Öğesi Türü
Parti Okulu Kütüphanesi Parti Okulu Kütüphanesi 06/28/2019   956.1024 B69a 1995 P00519 06/28/2019 06/28/2019 Books